| 000 | 00392nam a2200145Ia 4500 | ||
|---|---|---|---|
| 008 | 210210b1986 xxu||||| |||| 00| 0 eng d | ||
| 082 | _a617.1027 OAKS | ||
| 100 | _aOAKES (Barry) and others. | ||
| 245 | _aSports injuries. | ||
| 260 |
_aAllahabad. _bA H Wheeler & Co Pvt Ltd _c1986 |
||
| 300 | _avii,87 | ||
| 650 | _aSport Injuries | ||
| 690 | _aAthletic & Outdoor Sports | ||
| 906 | _a045065 | ||
| 999 |
_c94335 _d94335 |
||